书目信息 |
| 题名: |
出国人员实用英语会话
|
|
| 作者: | 休斯 , Hughes 编 | |
| 分册: | ||
| 出版信息: | 北京 中国新闻出版社 1985 |
|
| 页数: | 462页 | |
| 开本: | 19cm | |
| 丛书名: | ||
| 单 册: | ||
| 中图分类: | H319.9 , H31 | |
| 科图分类: | ||
| 主题词: | 英语-口语--教材 , 口语-英语--教材 , 英语 | |
| 电子资源: | ||
| ISBN: | ||
| 000 | 00900nam0 2200301 45 | |
| 001 | 0185013830 | |
| 005 | 20040510081923.4 | |
| 010 | @dCNY2.50 | |
| 091 | @a7363.039 | |
| 100 | @a19951024d1985 em y0chiy0121 ea | |
| 101 | 1 | @achi@ceng |
| 102 | @aCN@b110000 | |
| 105 | @ay z 000yy | |
| 106 | @ar | |
| 200 | 10 | @a出国人员实用英语会话@Achu guo ren yuan shi yong ying yu hui hua@dPractical English dialogues for those going abroad@zeng@f(英)休斯(Hughes,C.)等编 |
| 210 | @a北京@c中国新闻出版社@d1985 | |
| 215 | @a462页@d19cm | |
| 510 | 1 | @aPractical English dialogues for those going abroad@zeng |
| 606 | @a英语-口语@x教材 | |
| 606 | @a口语-英语@x教材 | |
| 606 | 0 | @a英语 |
| 690 | @aH319.9@v3 | |
| 690 | @aH31 | |
| 701 | 1 | @a休斯@Axiu si@bC.@4编 |
| 701 | A1 | @aHughes@bC.@4编 |
| 801 | 0 | @aCN@b深圳图书馆@c20040510 |
| 801 | 2 | @aCN@bNLC@c20040510 |
| 905 | @f2@b150884-885@dH31@e184 | |
| 出国人员实用英语会话=Practical English dialogues for those going abroad/(英)休斯(Hughes,C.)等编.-北京:中国新闻出版社,1985 |
| 462页;19cm |
| ISBN :CNY2.50 |
| ● |
| 相关链接 |
|
|
|
|
正题名:出国人员实用英语会话
索取号:H31/184
 
预约/预借
| 序号 | 登录号 | 条形码 | 馆藏地/架位号 | 状态 | 备注 |
| 1 | 0150884 | 000933244 | 密集书库/ [索取号:H31/184] | 在馆 | |
| 2 | 0150885 | 000933208 | 第二样本阅览室/ [索取号:H31/184] | 在馆 | |
| 3 | 0150888 | 001093006 | 第二样本阅览室/ [索取号:H31/184] | 在馆 |